书目信息 |
| 题名: |
列宁和全俄肃反委员会
|
|
| 作者: | 列宁 著 ;赵仲元 译 | |
| 分册: | 上册 | |
| 出版信息: | 北京 群众出版社 1981 |
|
| 页数: | 358页 | |
| 开本: | 21cm | |
| 丛书名: | ||
| 单 册: | ||
| 中图分类: | A82 | |
| 科图分类: | ||
| 主题词: | 列宁著作-肃反运动 , 列宁著作--学习 , 肃反运动-列宁著作 , 列宁著作研究 | |
| 电子资源: | ||
| ISBN: | ||
| 000 | 00866nam0 2200289 45 | |
| 001 | 0181004597 | |
| 005 | 20060810162142.37 | |
| 010 | @dCNY2.95( 全二册) | |
| 091 | @aCN@b3067.116 | |
| 100 | @a19950320d1981 emky0chiy0121 ea | |
| 101 | 1 | @achi@crus |
| 102 | @aCN@b110000 | |
| 105 | @ay z 000yd | |
| 200 | 10 | @a列宁和全俄肃反委员会@h上册@Alie ning he quan e su fan wei yuan hui@h1917年-1919年@f列宁著@g赵仲元等译@Gzhao zhong yuan deng yi |
| 210 | @a北京@c群众出版社@d1981 | |
| 215 | @a358页@d21cm | |
| 601 | 02 | @a全俄肃反委员会(1918-1922)@x研究 |
| 606 | @a列宁著作-肃反运动 | |
| 606 | 0 | @a列宁著作@x学习 |
| 606 | @a肃反运动-列宁著作 | |
| 606 | 0 | @a列宁著作研究 |
| 690 | @aA82@v3 | |
| 701 | 1 | @a列宁@Alie ning@4著 |
| 702 | 0 | @a赵仲元@Azhao zhong yuan@4译 |
| 801 | 0 | @aCN@bTSSF@c20060810 |
| 801 | 2 | @aCN@bNLC@c20060726 |
| 905 | @a10447@dA82@e27:2 | |
| 列宁和全俄肃反委员会.上册.1917年-1919年/列宁著/赵仲元等译.-北京:群众出版社,1981 |
| 358页;21cm |
| ISBN :CNY2.95( 全二册) |
| ● |
| 相关链接 |
|
|
|
|
正题名:列宁和全俄肃反委员会
索取号:A82/27:2
 
预约/预借
| 序号 | 登录号 | 条形码 | 馆藏地/架位号 | 状态 | 备注 |
| 1 | 0426598 | 204265981 | 密集书库/ [索取号:A82/27:2] | 在馆 | |
| 2 | 0439969 | 204399695 | 密集书库/ [索取号:A82/27:2] | 在馆 | |
| 3 | 0453986 | 204539865 | 密集书库/ [索取号:A82/27:2] | 在馆 |